000 03196cam a22004694i 4500
003 PE-LiUPU
005 20250731165436.0
008 160519s2015 pe a grm 000 0 spa d
035 _a(Sirsi) a156744
040 _aPE-LiUPU
_bspa
_cPE-LiUPU
_erda
099 _aTIS 2
_bA59 2015
100 1 _aAndrango Guazumba, Ronnal Efraín
_eautor
245 1 _aImplementación de un sistema de información ejecutiva utilizando inteligencia de negocios para la eficaz interpretación de indicadores de atención y afiliación en el seguro integral de salud para la administración de la Red de Salud de Huarochirí /
_cRonnal Efraín Andrango Guazumba.
264 0 _c2015.
300 _a110 hojas :
_bilustraciones;
_c30 cm
336 _atext
_2rdacontent
337 _aunmediated
_2rdamedia
338 _avolume
_2rdacarrier
502 _aTesis
_b(Lic.) --
_cUniversidad Peruana Unión,
_d2015.
504 _aIncluye referencias
520 3 _aEl presente estudio tiene como objetivo mostrar como la implementación de un sistema de información Ejecutivo utilizando Inteligencia de Negocios (BI), ayudó a la eficaz interpretación de indicadores basadas en las variables de atención y afiliación del SIS para la correcta toma de decisiones en la administración de la red de Salud de Huarochirí. El nivel de estudio de la investigación es descriptivo porque se basa en los indicadores de atención y afiliación, el enfoque de estudio es cuantitativo y el tipo es aplicado ya que se aplica una implementación de sistema inteligencia de negocios y longitudinal porque el estudio se realizó en base a las afiliaciones y atenciones registradas desde el año 2010 al 2015. La construcción de implementación de la aplicación fue realizada bajo la metodología propuesta por Ralph Kimball (Metodología de Kimball) con la implementación técnica de la metodología de HEFESTO para el desarrollo del modelo lógico del Datamart. Se tomó las nueve fases de Kimball, la planificación del proyecto, definición de requerimientos (Modelo conceptual tomada de HEFESTO), Diseño físico, modelo dimensional, diseño e implementación del ETL, implementación, mantenimiento y crecimiento del datamart, especificación de aplicaciones de BI en el análisis service de visual 2012 y el diseño de la arquitectura técnica. Obteniendo como resultado de dicha investigación una eficaz interpretación de indicadores basados en las afiliaciones y atenciones, según se muestran en los cuadros estadísticos desarrollados.
526 _aSEG44
526 _aSEG26
526 _aP151
526 _aP150
526 _aP149
526 _aP146
526 _aP145
526 _aP126
526 _aP125
526 _aP92
526 _aP75
526 _aP74
526 _aP27
526 _aP15
610 _aRed de salud de Huarochirí
_xInnovaciones tecnológicas
_vTesis.
650 0 4 _aInteligencia económica
_vTesis.
700 1 _aPalomino Ochoa, Yessibel Melina
_eautor
596 _a1
942 _2ddc
_cTESIS
999 _aTIS 2 A59 2015
_wALPHANUM
_c9392
_iT01971
_lCCODEBUL3
_mBUL
_r1
_sY
_tTESIS
_u2016-5-19
_xINGENIERIA
_PP27
_o.STAFF. Tesis
_d9392
980 _81
_gALBERTO SANCHEZ Responsable de Automatización